000 00418nam a2200145Ia 4500
003 OSt
005 20260130103253.0
008 211028s2018 xx 000 0 und d
040 _cAIMIT LIBRARY
041 _aeng
100 _aKumar R, Rakshitha; Pereira, Diva.
_g1616157
_97910
245 _aInvestors preference towards mutual funds in Mangalore /
260 _aMangalore
_bVasanth Naik G.
_c2018
942 _2ddc
_cPRO
999 _c219478
_d219478